| 000 | 00588nam a2200157Ia 4500 | ||
|---|---|---|---|
| 008 | 191108s9999 xx 000 0 und d | ||
| 020 | _a978-1-133-10375-2 | ||
| 100 | _aMendenhall, William | ||
| 245 |
_cWilliam Mendehall, Robert J. Beaver, Barbara M. Beaver .-- _aIntroduction to Probability & Statistics / |
||
| 250 | _a14th ed. | ||
| 260 |
_aBoston, MA, USA : _bBrooks/Cole, Cengage Learning _c2013 |
||
| 300 |
_a721 pages : _bcolored graphs |
||
| 500 | _aIncludes appendix and index. | ||
| 650 | _a Mathematical statistics -- Textbooks. | ||
| 650 | _aProbabilities -- Textbooks. | ||
| 999 |
_c362521 _d362521 |
||